[Event "Botvinnik Mem A"]
[Site "Elista RUS"]
[Date "2002.08.17"]
[Round "1"]
[White "Vasiukov,E"]
[Black "Bykhovsky,An RUS"]
[Result "1-0"]
[WhiteElo "2537"]
[BlackElo "2378"]
[EventDate "2002.08.17"]

1. f4 d5 2. Nf3 g6 3. g3 Bg7 4. Bg2 Nc6 5. c4 d4 6. d3 Nh6 7. Na3 O-O 8.
Nc2 a5 9. O-O e5 10. fxe5 Ng4 11. Bg5 Qe8 12. Qd2 h6 13. Bf6 Nxf6 14. exf6
Bxf6 15. Qxh6 Qxe2 16. Rae1 Qxc2 17. Ng5 Bxg5 18. Qxg5 Nb4 19. Rxf7 Qxd3
20. Rxf8+ 1-0

[Event "Botvinnik Mem A"]
[Site "Elista RUS"]
[Date "2002.08.17"]
[Round "1"]
[White "Klovans,J"]
[Black "Razuvaev,Y"]
[Result "1/2-1/2"]
[WhiteElo "2425"]
[BlackElo "2540"]
[EventDate "2002.08.17"]

1. e4 e5 2. Nf3 Nc6 3. Bb5 a6 4. Ba4 Nf6 5. O-O Be7 6. Re1 b5 7. Bb3 O-O 8.
c3 d6 9. h3 Na5 10. Bc2 c5 11. d4 Qc7 12. Nbd2 cxd4 13. cxd4 Nc6 14. Nb3 a5
15. Be3 a4 16. Nbd2 Bd7 17. Rc1 Qb7 18. Nf1 Rfe8 19. Ng3 Bd8 20. d5 Nb4 21.
Bb1 Na6 22. Nh4 g6 23. Bh6 Kh8 24. Nf3 Ng8 25. Be3 Bb6 26. Ng5 Rf8 27. Bxb6
1/2-1/2

[Event "Botvinnik Mem A"]
[Site "Elista RUS"]
[Date "2002.08.18"]
[Round "2"]
[White "Razuvaev,Y"]
[Black "Zhukhovitsky,S"]
[Result "1-0"]
[WhiteElo "2540"]
[BlackElo "2346"]
[EventDate "2002.08.17"]

1. d4 Nf6 2. c4 e6 3. g3 c5 4. d5 exd5 5. cxd5 d6 6. Nc3 g6 7. Bg2 Bg7 8.
Nf3 O-O 9. O-O Re8 10. h3 Na6 11. Nd2 Nc7 12. a4 b6 13. e4 Rb8 14. Re1 Ba6
15. Nf3 Bb7 16. Bf4 a6 17. Qc2 Nh5 18. Bg5 Qd7 19. Qd2 f6 20. Be3 Bf8 21.
Rab1 b5 22. axb5 Nxb5 23. Bh6 Ba8 24. Bxf8 Rxf8 25. Ne2 Rfe8 26. g4 Ng7 27.
Ng3 Nc7 28. Nh2 Rb4 29. h4 Reb8 30. h5 g5 31. h6 Nge8 32. Nf5 Nb5 33. Re3
Nd4 34. Ra3 Nc7 35. Nf1 Nxf5 36. gxf5 Qb5 37. Ne3 Rxb2 38. Rxb2 Qxb2 39.
Qxb2 Rxb2 40. Nc4 Rb1+ 41. Kh2 1-0

[Event "Botvinnik Mem A"]
[Site "Elista RUS"]
[Date "2002.08.18"]
[Round "2"]
[White "Nikitin,AS"]
[Black "Klovans,J"]
[Result "1/2-1/2"]
[WhiteElo "2430"]
[BlackElo "2425"]
[EventDate "2002.08.17"]

1. e4 e5 2. Nf3 Nc6 3. Bb5 a6 4. Ba4 d6 5. O-O Nf6 6. Re1 Bd7 7. c3 g6 8.
d4 Bg7 9. d5 Nb8 10. c4 Bxa4 11. Qxa4+ Nbd7 12. Nc3 O-O 13. Qd1 h6 14. b4
a5 15. bxa5 Rxa5 16. a4 Nc5 17. Ba3 Nfd7 18. Nd2 f5 19. Nb3 Nxb3 20. Qxb3
b6 21. Bb4 Ra8 22. f3 h5 23. Re2 Bh6 24. Nb5 Rf7 25. Qc2 1/2-1/2

[Event "Botvinnik Mem A"]
[Site "Elista RUS"]
[Date "2002.08.18"]
[Round "2"]
[White "Vasiukov,E"]
[Black "Karasev,V"]
[Result "1-0"]
[WhiteElo "2537"]
[BlackElo "2465"]
[EventDate "2002.08.17"]

1. e4 c5 2. Nf3 e6 3. d4 cxd4 4. Nxd4 a6 5. Bd3 Nf6 6. O-O d6 7. c4 Nbd7 8.
Nc3 Qc7 9. Kh1 Ne5 10. f4 Nxd3 11. Qxd3 Bd7 12. Bd2 Rc8 13. b3 Be7 14. Rae1
e5 15. Nf5 Bxf5 16. exf5 O-O 17. Qf3 Rfe8 18. g4 Qc6 19. g5 Qxf3+ 20. Rxf3
Nd7 21. Nd5 Bd8 22. Bb4 Nc5 23. f6 b5 24. cxb5 axb5 25. fxe5 Rc6 26. Rfe3
Re6 27. exd6 Rxe3 1-0

[Event "Botvinnik Mem A"]
[Site "Elista RUS"]
[Date "2002.08.19"]
[Round "3"]
[White "Gligoric,S"]
[Black "Vasiukov,E"]
[Result "1/2-1/2"]
[WhiteElo "2459"]
[BlackElo "2537"]
[EventDate "2002.08.17"]

1. d4 f5 2. g3 Nf6 3. Bg2 g6 4. c3 Bg7 5. Qb3 a5 6. a4 Nc6 7. Nd2 d5 8.
Ndf3 Ne4 9. Nh3 e6 10. Nf4 Ra6 11. O-O O-O 12. Nd3 Re8 13. Be3 Rb6 14. Qc2
Qe7 15. Rad1 Rd8 16. Qc1 Bd7 17. Bf4 Be8 18. h4 Rc8 19. Be3 Nb8 20. Qc2 Nd7
21. Ng5 Nef6 22. Ne5 1/2-1/2

[Event "Botvinnik Mem A"]
[Site "Elista RUS"]
[Date "2002.08.20"]
[Round "4"]
[White "Taimanov,M"]
[Black "Zhukhovitsky,S"]
[Result "1-0"]
[WhiteElo "2425"]
[BlackElo "2346"]
[EventDate "2002.08.17"]

1. c4 Nf6 2. Nc3 e5 3. g3 d6 4. Bg2 g6 5. e3 Bg7 6. Nge2 O-O 7. O-O Nbd7 8.
d3 Ne8 9. Bd2 f5 10. f4 Nef6 11. b4 Re8 12. h3 a5 13. a3 axb4 14. axb4 Rxa1
15. Qxa1 e4 16. Qb1 Nb6 17. Rc1 c6 18. b5 d5 19. bxc6 bxc6 20. c5 Nbd7 21.
d4 Ba6 22. Bf1 Qc7 23. Na2 Ra8 24. Nb4 Bb5 25. Qb2 h5 26. Ra1 Qb7 27. Nc2
Rxa1 28. Qxa1 Qa6 29. Qxa6 Bxa6 30. Nb4 Bb5 31. Nc1 Kf7 32. Bxb5 cxb5 33.
Nca2 1-0

[Event "Botvinnik Mem A"]
[Site "Elista RUS"]
[Date "2002.08.20"]
[Round "4"]
[White "Vasiukov,E"]
[Black "Klovans,J"]
[Result "0-1"]
[WhiteElo "2537"]
[BlackElo "2425"]
[EventDate "2002.08.17"]

1. e4 e5 2. Nf3 Nc6 3. Bb5 a6 4. Ba4 Nf6 5. O-O Be7 6. Re1 b5 7. Bb3 d6 8.
c3 O-O 9. d4 Bg4 10. d5 Na5 11. Bc2 c6 12. h3 Bc8 13. dxc6 Qc7 14. Nbd2
Qxc6 15. Nf1 Nc4 16. Ng3 Re8 17. b3 Nb6 18. Bb2 Nbd7 19. Rc1 Bf8 20. Bb1
Nc5 21. Qd2 h6 22. Kh1 Bb7 23. c4 Rad8 24. Ba3 bxc4 25. Rxc4 d5 26. exd5
Qxd5 27. Qxd5 Rxd5 28. Bb2 e4 29. Nd4 Nd3 30. Bxd3 exd3 31. Rd1 a5 32. Rc7
Ba6 33. Rc6 Rd6 34. Rxa6 Rxa6 35. Rxd3 Ne4 36. Nxe4 Rxe4 37. Nf5 Rf4 38.
Rf3 Rxf3 39. gxf3 g6 40. Ne3 Bg7 41. Ba3 Bd4 42. Kg2 Bxe3 43. fxe3 Rc6 44.
Kg3 Rc2 45. e4 Rxa2 46. Bd6 f6 47. Bc7 Kf7 48. h4 Ke6 49. Kf4 Ra3 50. Kg4
Kd7 51. Bb6 Kc6 52. Bd8 Kb5 53. Bxf6 Rxb3 54. f4 Re3 55. h5 gxh5+ 56. Kxh5
Rxe4 57. f5 Rf4 58. Kg6 Kc4 59. Be5 Rf1 60. f6 Kd5 61. Bc3 a4 62. Kxh6 Ke6
63. Kg7 a3 0-1

[Event "Botvinnik Mem A"]
[Site "Elista RUS"]
[Date "2002.08.21"]
[Round "5"]
[White "Klovans,J"]
[Black "Karasev,V"]
[Result "1-0"]
[WhiteElo "2425"]
[BlackElo "2465"]
[EventDate "2002.08.17"]

1. e4 c5 2. Nf3 d6 3. d4 Nf6 4. Nc3 cxd4 5. Nxd4 a6 6. Be2 e6 7. O-O Qc7 8.
a4 b6 9. f4 Bb7 10. Bf3 Nbd7 11. Qe2 Rc8 12. Be3 Be7 13. g4 Qb8 14. g5 Rxc3
15. bxc3 Nxe4 16. Qg2 Ndc5 17. f5 e5 18. Nb3 d5 19. Nxc5 Bxc5 20. Bxc5 Nxc5
21. Bxd5 e4 22. Rfd1 Bxd5 23. Rxd5 O-O 24. Qg3 Qc8 25. a5 Nb7 26. axb6 Qc6
27. Rd4 Qxb6 28. Re1 a5 29. Qf2 Nd6 30. Rd5 Qb8 31. Qc5 Nb7 32. Qd4 Qf4 33.
Qe3 Qc7 34. Qxe4 Qxc3 35. Re5 Nd6 36. Qd3 Qb4 37. c3 Qg4+ 38. Qg3 Qc4 39.
Qf3 a4 40. Qd5 Qg4+ 41. Kh1 a3 42. Qxd6 Qf3+ 43. Kg1 Qg4+ 44. Kf2 Qf4+ 45.
Ke2 a2 46. Kd3 Qa4 47. g6 hxg6 48. fxg6 a1=Q 49. gxf7+ Rxf7 50. Qd8+ Rf8
51. Qd5+ Kh7 52. Rh5+ Kg6 53. Qg5+ 1-0

[Event "Botvinnik Mem A"]
[Site "Elista RUS"]
[Date "2002.08.21"]
[Round "5"]
[White "Razuvaev,Y"]
[Black "Nikitin,AS"]
[Result "1/2-1/2"]
[WhiteElo "2540"]
[BlackElo "2430"]
[EventDate "2002.08.17"]

1. Nf3 Nf6 2. c4 b6 3. d4 e6 4. g3 Ba6 5. b3 Bb4+ 6. Bd2 Be7 7. Bg2 c6 8.
O-O d5 9. Qc2 Nbd7 10. Bf4 Rc8 11. Nc3 Nh5 12. Bc1 f5 13. Bb2 Bd6 14. a4
O-O 15. a5 bxa5 16. Na4 c5 17. Rfd1 Nhf6 18. Bc3 Ne4 19. Nxc5 Ndxc5 20.
Bxa5 Qe7 21. dxc5 Bxc5 22. Be1 Bb7 23. b4 Bxb4 24. Bxb4 Qxb4 25. Rdb1 Qe7
26. Rxa7 Rc7 27. Qb2 Nd6 28. cxd5 1/2-1/2

[Event "Botvinnik Mem A"]
[Site "Elista RUS"]
[Date "2002.08.23"]
[Round "6"]
[White "Bykhovsky,An RUS"]
[Black "Nikitin,AS"]
[Result "1/2-1/2"]
[WhiteElo "2378"]
[BlackElo "2430"]
[EventDate "2002.08.17"]

1. e4 e5 2. Nf3 Nc6 3. Nc3 Nf6 4. Bb5 Bb4 5. O-O O-O 6. d3 Bxc3 7. bxc3 d6
8. Bg5 Qe7 9. Re1 Nd8 10. d4 Ne6 11. Bc1 c5 12. a4 Nc7 13. Bd3 Bd7 14. a5
b5 15. axb6 axb6 16. Bb2 Rxa1 17. Bxa1 1/2-1/2

[Event "Botvinnik Mem A"]
[Site "Elista RUS"]
[Date "2002.08.23"]
[Round "6"]
[White "Taimanov,M"]
[Black "Razuvaev,Y"]
[Result "1/2-1/2"]
[WhiteElo "2425"]
[BlackElo "2540"]
[EventDate "2002.08.17"]

1. Nf3 Nf6 2. c4 e6 3. g3 d5 4. Bg2 dxc4 5. Qa4+ c6 6. Qxc4 b5 7. Qc2 Bb7
8. O-O Nbd7 9. b3 Be7 10. Bb2 O-O 11. d3 c5 12. a4 a6 13. axb5 axb5 14.
Rxa8 Bxa8 15. Nbd2 Nd5 1/2-1/2

[Event "Botvinnik Mem A"]
[Site "Elista RUS"]
[Date "2002.08.23"]
[Round "6"]
[White "Gligoric,S"]
[Black "Klovans,J"]
[Result "1/2-1/2"]
[WhiteElo "2459"]
[BlackElo "2425"]
[EventDate "2002.08.17"]

1. d4 Nf6 2. c4 e6 3. Nc3 d5 4. Nf3 Be7 5. Bg5 O-O 6. e3 h6 7. Bxf6 Bxf6 8.
Qb3 c6 9. Rd1 Nd7 10. Bd3 Rb8 11. O-O b5 12. cxd5 cxd5 13. e4 b4 14. Ne2
dxe4 15. Bxe4 Ba6 16. Rfe1 Qa5 17. Nf4 Rfd8 18. Nd3 Qb6 19. Nf4 Rbc8 20.
Qe3 Be7 1/2-1/2

[Event "Botvinnik Mem A"]
[Site "Elista RUS"]
[Date "2002.08.24"]
[Round "7"]
[White "Klovans,J"]
[Black "Bykhovsky,An RUS"]
[Result "1/2-1/2"]
[WhiteElo "2425"]
[BlackElo "2378"]
[EventDate "2002.08.17"]

1. e4 e5 2. Nf3 Nc6 3. Bb5 Nf6 4. O-O Nxe4 5. d4 Nd6 6. Bxc6 dxc6 7. dxe5
Nf5 8. Qxd8+ Kxd8 9. Nc3 Be6 10. b3 Bb4 11. Bb2 Bxc3 12. Bxc3 Ke8 13. Rad1
Rd8 14. h3 Rxd1 15. Rxd1 c5 16. g4 Ne7 17. Kh2 Bd5 18. Kg3 Bxf3 19. Kxf3 h5
20. Kg3 hxg4 21. hxg4 Rh7 22. f4 g6 23. a4 Nc6 24. Rf1 Kd7 25. Rf2 Ne7 26.
f5 gxf5 27. gxf5 Rh1 28. Kg4 Rg1+ 29. Kh5 Ke8 30. Bd2 Nc6 1/2-1/2

[Event "Botvinnik Mem A"]
[Site "Elista RUS"]
[Date "2002.08.24"]
[Round "7"]
[White "Razuvaev,Y"]
[Black "Vasiukov,E"]
[Result "1/2-1/2"]
[WhiteElo "2540"]
[BlackElo "2537"]
[EventDate "2002.08.17"]

1. d4 d5 2. c4 c6 3. cxd5 cxd5 4. Nc3 Nf6 5. Bf4 Nc6 6. Nf3 a6 7. e3 Bf5 8.
Bd3 Bxd3 9. Qxd3 e6 10. O-O Bd6 11. Bxd6 Qxd6 12. a3 1/2-1/2

[Event "Botvinnik Mem A"]
[Site "Elista RUS"]
[Date "2002.08.25"]
[Round "8"]
[White "Vasiukov,E"]
[Black "Nikitin,AS"]
[Result "1-0"]
[WhiteElo "2537"]
[BlackElo "2430"]
[EventDate "2002.08.17"]

1. e4 e5 2. Bc4 Nf6 3. d3 c6 4. Nf3 d5 5. Bb3 Bd6 6. Nc3 dxe4 7. Ng5 O-O 8.
Ncxe4 Nxe4 9. Nxe4 Bf5 10. Qf3 Bxe4 11. dxe4 Na6 12. c3 Nc5 13. Bc2 Qe7 14.
h4 Rad8 15. Bg5 f6 16. Be3 Kh8 17. O-O Bc7 18. a4 a5 19. h5 Ne6 20. Rad1
Bd6 21. Bb6 Bc7 22. Rxd8 Rxd8 23. Be3 Bd6 24. Rd1 Bc5 25. Bc1 Rxd1+ 26.
Qxd1 Qc7 27. Qg4 Nf8 28. h6 g6 29. Qf3 Nd7 30. Bg5 Qd6 31. Bc1 Qe6 32. Qd1
Qd6 33. Qg4 Kg8 34. g3 Kf7 35. Kg2 Ke7 36. Bb3 Qd3 37. Qe6+ Kd8 38. Qg4 Qb1
39. Qd1 Qxe4+ 40. f3 Qb1 41. Be6 1-0

[Event "Botvinnik Mem A"]
[Site "Elista RUS"]
[Date "2002.08.25"]
[Round "8"]
[White "Karasev,V"]
[Black "Razuvaev,Y"]
[Result "0-1"]
[WhiteElo "2465"]
[BlackElo "2540"]
[EventDate "2002.08.17"]

1. Nf3 Nf6 2. g3 b5 3. Bg2 Bb7 4. Na3 a6 5. c4 e5 6. cxb5 Bxa3 7. bxa3 axb5
8. Rb1 O-O 9. Rxb5 Bc6 10. Rxe5 Ba4 11. Nd4 Bxd1 12. Bxa8 Ba4 13. Ra5 Bc6
14. Nxc6 Nxc6 15. Bxc6 dxc6 16. O-O Re8 17. Re1 Qd4 18. Rf5 Qg4 19. Ra5 h6
20. f3 Qd4+ 21. Kg2 Nd5 22. e3 Qb6 23. Ra4 Qb1 24. e4 Qxa2 25. Rd4 Nb6 26.
Rd3 c5 27. Rde3 c4 28. g4 Na4 29. R3e2 Qb3 30. Re3 Qb5 31. h4 Nc5 32. a4
Qxa4 33. Bb2 Qc2 34. Bc3 Rd8 35. g5 Na4 36. Kg3 Nxc3 37. dxc3 Rd3 38. gxh6
Qxc3 0-1

[Event "Botvinnik Mem A"]
[Site "Elista RUS"]
[Date "2002.08.25"]
[Round "8"]
[White "Klovans,J"]
[Black "Zhukhovitsky,S"]
[Result "1/2-1/2"]
[WhiteElo "2425"]
[BlackElo "2346"]
[EventDate "2002.08.17"]

1. e4 e5 2. Nf3 Nc6 3. Bb5 g6 4. d4 exd4 5. Bg5 Be7 6. Bxe7 Ngxe7 7. Nxd4
d5 8. Nc3 dxe4 9. Bxc6+ Nxc6 10. Nxc6 Qxd1+ 11. Rxd1 bxc6 12. Nxe4 Bf5 13.
O-O Rd8 14. Rxd8+ Kxd8 15. Rd1+ Ke7 16. Re1 Rd8 17. Ng3+ Be6 18. Nf1 c5 19.
f3 c4 20. Kf2 Rb8 21. b3 c5 22. Nd2 Kd6 23. Re4 cxb3 24. axb3 Rb4 25. Re1
Kc6 26. Ra1 Rd4 27. Ke3 Kb6 28. Ne4 h6 29. g4 a5 30. h3 Rd8 31. Ra4 Rd7 32.
Nd2 Re7 33. Kd3 Rd7+ 34. Kc3 g5 35. Re4 Kc6 36. Re5 Rd5 37. Re1 Rd8 38. Ne4
Ra8 39. Ra1 Bd5 40. Kd3 Kb6 41. h4 Rd8 42. hxg5 hxg5 43. Ke3 Bxe4 44. fxe4
Rh8 45. Rf1 Rh3+ 46. Kd2 Rg3 47. Rxf7 Rxg4 48. Kd3 Rg2 49. c3 Kb5 50. Rb7+
Kc6 51. Rg7 Kb5 52. c4+ Kc6 53. e5 Rg3+ 54. Ke4 Rxb3 55. Rxg5 a4 56. Rg6+
Kb7 57. Rg7+ Kb6 58. e6 Rb1 59. e7 Re1+ 60. Kd5 Rd1+ 61. Ke6 Re1+ 62. Kd7
Ka5 63. Rg6 Rxe7+ 64. Kxe7 Kb4 65. Kd6 Kxc4 66. Rg4+ Kb5 67. Kd5 a3 68. Rg8
Kb4 69. Ra8 Kb3 70. Ke4 Kb2 71. Kd3 c4+ 72. Kd2 c3+ 73. Kd3 a2 74. Rb8+ Kc1
1/2-1/2

[Event "Botvinnik Mem A"]
[Site "Elista RUS"]
[Date "2002.08.26"]
[Round "9"]
[White "Zhukhovitsky,S"]
[Black "Bykhovsky,An RUS"]
[Result "1/2-1/2"]
[WhiteElo "2346"]
[BlackElo "2378"]
[EventDate "2002.08.17"]

1. Nf3 d5 2. d4 e6 3. c4 c6 4. Qc2 Nd7 5. g3 Ngf6 6. Bg2 Ne4 7. O-O Bd6 8.
b3 O-O 9. Bb2 Qe7 10. Ne5 f5 11. f3 Ng5 12. e3 Nf7 13. Nxd7 Bxd7 14. f4 Nh6
15. c5 Bc7 16. h3 g5 17. Nd2 Kh8 18. Rf2 Rg8 19. Nf1 Rg6 20. Bc1 Nf7 21.
Qd1 Rag8 22. Bf3 Bd8 23. Rg2 Qf8 24. a4 Bf6 25. b4 Rh6 26. Bh5 a6 27. Raa2
Nd8 28. Rh2 Be8 29. Bf3 Rhg6 30. Rag2 R6g7 31. Kh1 Nf7 32. Be2 Bd7 33. Bf3
1/2-1/2

[Event "Botvinnik Mem A"]
[Site "Elista RUS"]
[Date "2002.08.26"]
[Round "9"]
[White "Taimanov,M"]
[Black "Vasiukov,E"]
[Result "1/2-1/2"]
[WhiteElo "2425"]
[BlackElo "2537"]
[EventDate "2002.08.17"]

1. Nf3 Nf6 2. c4 g6 3. b3 Bg7 4. Bb2 O-O 5. g3 d6 6. d4 Nbd7 7. Bg2 e5 8.
dxe5 dxe5 9. O-O e4 10. Ne1 Re8 11. Nc2 c6 12. Qd2 Qe7 13. Nc3 Nf8 14. Rad1
h5 15. Qd6 Qxd6 16. Rxd6 N6d7 17. Nd1 Ne5 18. Nc3 f5 19. f3 Nf7 20. Rdd1
exf3 21. exf3 f4 22. Na4 Re2 23. Bxg7 Kxg7 24. Rf2 Re7 25. Nc5 g5 26. gxf4
gxf4 27. Bf1 Kh6 28. Re2 Rxe2 29. Bxe2 b6 30. Ne4 c5 31. Nd6 Be6 32. Nxf7+
Bxf7 33. Rd6+ Kg5 34. Ne1 Re8 35. Kf2 Be6 36. Nd3 Ng6 37. a4 Kf6 38. Rc6
Rc8 39. Rxc8 Bxc8 40. a5 Bf5 41. axb6 axb6 42. Nb2 Ne5 43. Na4 Bc2 44. Nxb6
Bxb3 45. Ke1 Bc2 46. Kd2 Bf5 47. Na4 Nd7 48. h4 Ke5 49. Bd3 Be6 50. Bg6 Kd4
51. Bxh5 Ne5 52. Nb2 Bd7 53. Kc2 Bc6 54. Kd2 Bxf3 55. Be8 Bg4 56. h5 Nf3+
57. Ke2 Ne5+ 58. Kf2 Bf5 59. h6 Be4 60. Bh5 Kc3 61. Na4+ Kxc4 62. Bf3 Bh7
63. Nb6+ Kd4 64. Be2 Bg6 65. Bb5 Be4 66. Be2 Nf7 67. Nc4 Nxh6 68. Nd2 Bd5
69. Bf3 Be6 70. Be2 Bd5 71. Bf3 Bf7 72. Be2 Ng8 73. Nf3+ Kc3 74. Ne5 Bd5
75. Ng6 f3 76. Bxf3 Bxf3 77. Kxf3 Kd4 78. Ke2 Nf6 79. Nf4 Kc3 80. Nd3
1/2-1/2

[Event "Botvinnik Mem B"]
[Site "Elista RUS"]
[Date "2002.08.17"]
[Round "1"]
[White "Mantsinov,E"]
[Black "Kremenietsky,An"]
[Result "0-1"]
[WhiteElo "2158"]
[BlackElo "2375"]
[EventDate "2002.08.17"]

1. Nf3 c5 2. g3 Nc6 3. c4 e5 4. Nc3 g6 5. Bg2 Bg7 6. d3 d6 7. O-O Nge7 8.
Bd2 a6 9. Rb1 Rb8 10. a3 b5 11. cxb5 axb5 12. b4 cxb4 13. axb4 h6 14. Qc1
Be6 15. Re1 Qd7 16. e4 g5 17. Be3 Ng6 18. Nd5 Bxd5 19. exd5 Nce7 20. Nd2 f5
21. Nb3 O-O 22. Bd2 e4 23. dxe4 f4 24. Qd1 g4 25. Rc1 h5 26. Bc3 Bxc3 27.
Rxc3 h4 28. Nd4 Rfc8 29. Rxc8+ Qxc8 30. Ne6 f3 31. Qd4 Ne5 32. Bf1 hxg3 33.
hxg3 Kf7 34. Qe3 Qh8 35. Qf4+ Qf6 36. Qxf6+ Kxf6 37. Nd4 Nc4 38. Rc1 Ng6
39. Nc6 Ra8 40. Bxc4 bxc4 41. b5 Ra2 42. Rxc4 Ra1+ 43. Kh2 Ra2 44. b6 Rxf2+
45. Kg1 Rg2+ 46. Kf1 Nf8 47. b7 Nd7 48. b8=Q Nxb8 49. Nxb8 Rxg3 50. Nd7+
Ke7 51. Rc7 Kd8 52. Ra7 Rh3 53. Kf2 Rh2+ 54. Ke3 Re2+ 55. Kd3 Re1 56. Nf8
f2 57. Ne6+ Kc8 58. Rf7 g3 59. Kd4 0-1

[Event "Botvinnik Mem B"]
[Site "Elista RUS"]
[Date "2002.08.17"]
[Round "1"]
[White "Gurgenidze,B"]
[Black "Shabanov,Y"]
[Result "1/2-1/2"]
[WhiteElo "2196"]
[BlackElo "2445"]
[EventDate "2002.08.17"]

1. e4 d6 2. d4 Nf6 3. Nc3 e5 4. dxe5 dxe5 5. Qxd8+ Kxd8 6. Nf3 Bd6 7. Bg5
Be6 8. O-O-O Nbd7 9. Bxf6+ gxf6 10. Nh4 Bc5 11. f3 c6 12. a3 Kc7 13. Nf5
Rad8 14. Ng7 Nb6 15. Nxe6+ fxe6 16. Rxd8 Kxd8 17. Bd3 Ke7 18. Kd2 Rg8 19.
g4 Nd7 20. Ne2 Nf8 1/2-1/2

[Event "Botvinnik Mem B"]
[Site "Elista RUS"]
[Date "2002.08.17"]
[Round "1"]
[White "Savon,V"]
[Black "Osnos,V"]
[Result "1/2-1/2"]
[WhiteElo "2421"]
[BlackElo "2384"]
[EventDate "2002.08.17"]

1. d4 Nf6 2. c4 e6 3. Nf3 b6 4. g3 Bb7 5. Bg2 Be7 6. Nc3 Ne4 7. Bd2 f5 8.
O-O O-O 9. Rc1 Bf6 10. e3 d6 11. Nxe4 Bxe4 12. Bc3 Nd7 13. Ne1 Bxg2 14.
Nxg2 Qe7 15. Qd3 c5 16. b4 Rad8 17. f4 cxb4 18. Bxb4 Nc5 19. Qe2 Ne4 20.
Ne1 Qb7 1/2-1/2

[Event "Botvinnik Mem B"]
[Site "Elista RUS"]
[Date "2002.08.18"]
[Round "2"]
[White "Litvinov,Vl"]
[Black "Mantsinov,E"]
[Result "1/2-1/2"]
[WhiteElo "2390"]
[BlackElo "2158"]
[EventDate "2002.08.17"]

1. e4 Nf6 2. e5 Nd5 3. d4 d6 4. Nf3 Bg4 5. Be2 Nc6 6. O-O e6 7. c4 Nb6 8.
Nbd2 dxe5 9. dxe5 Be7 10. b3 Nd7 11. Bb2 Nc5 12. Bc3 a5 13. Ne1 Bf5 14. Nc2
O-O 15. Ne3 Bd3 16. Nf3 Bxe2 17. Qxe2 Qd3 18. Qxd3 Nxd3 19. Rfd1 Rfd8 20.
Rd2 Nc5 21. Rxd8+ Rxd8 22. Rd1 Rxd1+ 23. Nxd1 Nd3 24. Ba1 Ncb4 25. a4 Nc1
26. Nd2 Nbd3 27. Kf1 Nc5 28. Bc3 N1xb3 29. Nxb3 Nxb3 30. Ke2 b6 31. Nb2 Kf8
32. f4 Ke8 33. Nd3 Kd7 34. Ke3 h5 35. h3 g6 36. g4 hxg4 37. hxg4 Bc5+ 38.
Ke4 Bb4 39. Bxb4 axb4 40. Nxb4 Nc5+ 41. Kd4 Nxa4 42. Nd3 c5+ 43. Ke3 Kc6
44. Nf2 Nb2 45. Ne4 Nxc4+ 46. Kd3 b5 47. Ng5 Nb6 48. Nxf7 Kd5 49. Nh8 c4+
50. Ke3 b4 51. Nxg6 b3 52. Ne7+ Kc5 53. Kd2 Kd4 54. Nc6+ Ke4 55. g5 c3+ 56.
Kxc3 Nd5+ 57. Kxb3 Nxf4 1/2-1/2

[Event "Botvinnik Mem B"]
[Site "Elista RUS"]
[Date "2002.08.18"]
[Round "2"]
[White "Shabanov,Y"]
[Black "Kremenietsky,An"]
[Result "1/2-1/2"]
[WhiteElo "2445"]
[BlackElo "2375"]
[EventDate "2002.08.17"]

1. e4 d6 2. d4 Nf6 3. Nc3 g6 4. Be3 Bg7 5. f3 c6 6. Qd2 Nbd7 7. g4 b5 8. h4
h6 9. Nge2 Nb6 10. b3 Bb7 11. Ng3 h5 12. g5 Nfd7 13. Bg2 Qc7 14. f4 b4 15.
Nce2 c5 16. O-O cxd4 17. Nxd4 a5 18. a3 Qc3 19. Qf2 O-O 20. Nge2 Qc8 21. f5
Be5 22. axb4 axb4 23. Rxa8 Nxa8 24. Qe1 Nc5 25. Qxb4 Bxe4 26. Bxe4 Nxe4 27.
Qb5 Nc3 28. Nxc3 Qxc3 29. Qd3 Qxd3 30. cxd3 Nc7 31. fxg6 fxg6 32. Nc6 Rxf1+
33. Kxf1 Nd5 34. Nxe5 Nxe3+ 35. Ke2 Nd5 36. Nc6 Kf7 37. Kf3 Ke6 38. Ke4
Nc3+ 39. Kd4 Ne2+ 40. Ke3 Ng3 41. Nd4+ Kd5 42. Nf3 e5 43. b4 Nf5+ 44. Kd2
Kc6 45. Kc3 Kb5 46. Kb3 Ne7 47. Nd2 Nc6 48. Ne4 Nd4+ 49. Ka3 Kc6 50. Ka4
Nb5 51. Ka5 d5 52. Ng3 Nd4 53. Ka6 Nb5 54. Ka5 Nc7 55. b5+ Nxb5 56. Nxh5
Nd4 57. Ng3 Nf3 58. h5 Nxg5 59. hxg6 Ne6 60. Nf5 Kc5 61. Ka4 e4 62. Kb3
exd3 63. Kc3 d4+ 1/2-1/2

[Event "Botvinnik Mem B"]
[Site "Elista RUS"]
[Date "2002.08.18"]
[Round "2"]
[White "Osnos,V"]
[Black "Matanovic,A"]
[Result "1/2-1/2"]
[WhiteElo "2384"]
[BlackElo "2490"]
[EventDate "2002.08.17"]

1. d4 Nf6 2. Nf3 e6 3. c4 b6 4. g3 Bb7 5. Bg2 Be7 6. O-O O-O 7. Nc3 Ne4 8.
Qc2 Nxc3 9. bxc3 Nc6 10. Nd2 Na5 11. Bxb7 Nxb7 12. Nb3 d5 13. cxd5 exd5 14.
c4 c6 15. cxd5 Qxd5 16. e4 Qd7 17. Be3 Rac8 18. Rfd1 f5 19. f3 fxe4 20.
Qc4+ Kh8 21. Qc2 Kg8 1/2-1/2

[Event "Botvinnik Mem B"]
[Site "Elista RUS"]
[Date "2002.08.19"]
[Round "3"]
[White "Savon,V"]
[Black "Gurgenidze,B"]
[Result "1-0"]
[WhiteElo "2421"]
[BlackElo "2196"]
[EventDate "2002.08.17"]

1. d4 Nf6 2. c4 e6 3. Nf3 Nc6 4. a3 d5 5. cxd5 exd5 6. Nc3 Ne4 7. Qb3 Nxc3
8. Qxc3 Be7 9. Bf4 Bf6 10. e3 O-O 11. Bd3 Re8 12. h3 h5 13. Rc1 g5 14. Bg3
h4 15. Bh2 g4 16. hxg4 Bxg4 17. Kf1 Bxf3 18. gxf3 Qd7 19. Bf4 Rac8 20. Bb5
Re6 21. Qd3 a6 22. Ba4 Kf8 23. Qf5 Ke7 24. Rc5 Rg8 25. Rxd5 Qc8 26. Rc5 Kf8
27. Bb3 1-0

[Event "Botvinnik Mem B"]
[Site "Elista RUS"]
[Date "2002.08.19"]
[Round "3"]
[White "Mantsinov,E"]
[Black "Osnos,V"]
[Result "1/2-1/2"]
[WhiteElo "2158"]
[BlackElo "2384"]
[EventDate "2002.08.17"]

1. Nf3 Nf6 2. g3 d5 3. Bg2 c5 4. c4 d4 5. d3 Nc6 6. Na3 e5 7. O-O Be7 8.
Nc2 O-O 9. Rb1 h6 10. a3 a5 11. b3 Bf5 12. Bd2 e4 13. Nfe1 exd3 14. exd3
Bg4 15. f3 Bd7 16. b4 axb4 17. axb4 b6 18. b5 Nb8 19. f4 Bg4 20. Qc1 Ra7
21. h3 Bc8 22. Ra1 Rxa1 23. Qxa1 Bd6 24. Nf3 Re8 25. Ne5 Nbd7 26. Nc6 Qc7
27. Qd1 Bb7 28. Re1 Rxe1+ 1/2-1/2

[Event "Botvinnik Mem B"]
[Site "Elista RUS"]
[Date "2002.08.19"]
[Round "3"]
[White "Matanovic,A"]
[Black "Chernikov,O"]
[Result "0-1"]
[WhiteElo "2490"]
[BlackElo "2464"]
[EventDate "2002.08.17"]

1. e4 c5 2. Nf3 Nc6 3. d4 cxd4 4. Nxd4 Nf6 5. Nc3 d6 6. Bg5 g6 7. Bxf6 exf6
8. Bb5 Bd7 9. Nde2 Be6 10. Qd2 Bg7 11. Nd4 Rc8 12. Rd1 Ke7 13. O-O Nxd4 14.
Qxd4 Qb6 15. Qxb6 axb6 16. Ba4 Rc5 17. Rfe1 f5 18. Nd5+ Bxd5 19. exd5+ Be5
20. g3 g5 21. c3 Kf6 22. Kg2 h5 23. Bb3 h4 24. h3 hxg3 25. fxg3 Rcc8 26.
Rf1 f4 27. g4 b5 28. a3 Bxc3 29. Rf2 Be5 30. Bc2 Bxb2 31. Bf5 Rc1 32. Rd3
Bc3 33. Rf1 Rc2+ 34. Rf2 Rxf2+ 35. Kxf2 b4 36. Kg2 b6 37. axb4 Bxb4 38. Bd7
Ra8 39. Kf3 Ra2 40. h4 Bc5 0-1

[Event "Botvinnik Mem B"]
[Site "Elista RUS"]
[Date "2002.08.20"]
[Round "4"]
[White "Gurgenidze,B"]
[Black "Matanovic,A"]
[Result "1/2-1/2"]
[WhiteElo "2196"]
[BlackElo "2490"]
[EventDate "2002.08.17"]

1. e4 c6 2. d4 d5 3. e5 Bf5 4. c3 e6 5. Be3 Qc7 6. Nd2 h6 7. f4 Ne7 8. Ngf3
Nd7 9. b4 a5 10. a3 a4 11. Be2 b5 12. O-O Nb6 13. h3 Nc4 14. Nxc4 1/2-1/2

[Event "Botvinnik Mem B"]
[Site "Elista RUS"]
[Date "2002.08.20"]
[Round "4"]
[White "Chernikov,O"]
[Black "Mantsinov,E"]
[Result "1-0"]
[WhiteElo "2464"]
[BlackElo "2158"]
[EventDate "2002.08.17"]

1. Nf3 Nf6 2. c4 g6 3. Nc3 Bg7 4. e4 d6 5. d4 O-O 6. Be3 Nc6 7. d5 Ne5 8.
Nxe5 dxe5 9. Be2 e6 10. O-O exd5 11. cxd5 Ne8 12. Rc1 Bd7 13. Qb3 b6 14.
Bb5 Nd6 15. Bc6 Bxc6 16. dxc6 Kh8 17. Rfd1 Qc8 18. Nb5 Nxb5 19. Qxb5 Qe6
20. Rd7 Rfc8 21. Rcd1 Bf8 22. Qd5 Qxd5 23. R1xd5 Bd6 24. Rxf7 Kg8 25. Rd7
Rf8 26. Kf1 Rf7 27. Bg5 Kf8 28. Ke2 Ke8 29. f4 h6 30. Bxh6 exf4 31. e5 Rf5
32. exd6 Rxd5 33. Rh7 1-0